1375 1554 1565 1523 1985 1815 1440 1206 1899 1597 1498 1624 1941 1664 1053 1764 1989 1491 1694 1717 1561 1240 1368 1282 1292 1922 1647 1251 1204 1293 1599 1688 1375 1140 1192 1746 1389 1755 1433 1024 1916 1514 1491 1149 1680 1954 1499 1866 1820 1943 1864 1766 1675 1009 1557 1832 1980 1035 1110 1165 1627 1068 1760 1000 1941 1592 1631 1056 1878 1413 1099 1907 1589 1550 1126 1490 1835 1880 1493 1174 1823 1236 1124 1759 1359 1436 1416 1538 1285 1705 1803 1165 1754 1232 1925 1679 1173 1201 1208 BCNSPRNW ULIB Ver.6.0+V

เปลี่ยนเป็นภาษาไทย

Change to English
 แสดงรายละเอียดบรรณานุกรม
  กลับหน้าหลัก

Brief Record : Get Marc (ISO 2709) : E-mail record : QR code < ปิดหน้าต่าง
LEADER : 00000nam 2200000uu 4500
001    13399124305
003     ULIB
008    150302s2557||||th 000 0 tha d
020    ^a9789740331766
060  4 ^aWB541^bส191ก
100 0  ^aสนธยา สีละมาด
245 10 ^aกิจกรรมทางกายเพื่อสุขภาวะ /^cสนธยา สีละมาด
246 0  ^aPhysical activities for wellness
250    ^aพิมพ์ครั้งที่ 1
260    ^aกรุงเทพฯ : ^bสำนักพิมพ์แห่งจุฬาลงกรณ์มหาวิทยาลัย,^c2557.
300    ^a436 หน้า : ^bภาพประกอบ
650  7 ^aการออกกำลังกาย
945    ^p270^l0^i22921
945    ^p270^l0^i22922
945    ^p270^l0^i22923
945    ^p270^l0^i22924
945    ^p270^l0^i22925
999    ^aทศพร เกษรทอง
รายการนี้ยังไม่มีแท็ก
คุณยังไม่ได้ล็อกอิน คุณสามารถมีกิจกรรมร่วมกับเว็บไซต์ได้ แต่ต้องล็อกอินก่อน ::
  ล็อกอิน

รายการสื่อสารสนเทศ

ลำดับที่ ประเภท เลขเรียก/บาร์โค้ด สถานที่ สถานะ
1. วิทยาศาสตร์การแพทย์ และสุขภาพ
วิทยาศาสตร์การแพทย์ และสุขภาพ
สถานะ=หนังสือเก่า
WB541 ส191ก ฉ.1 
  Barcode: 22921
ห้องสมุดวิทยาเขตนครสวรรค์
►ส่วนจัดเก็บหนังสือเก่า นว.
บนชั้น
  ขอยืม
2. วิทยาศาสตร์การแพทย์ และสุขภาพ
วิทยาศาสตร์การแพทย์ และสุขภาพ
สถานะ=หนังสือเก่า
WB541 ส191ก ฉ.2 
  Barcode: 22922
ห้องสมุดวิทยาเขตนครสวรรค์
►ส่วนจัดเก็บหนังสือเก่า นว.
บนชั้น
  ขอยืม
3. วิทยาศาสตร์การแพทย์ และสุขภาพ
วิทยาศาสตร์การแพทย์ และสุขภาพ
สถานะ=หนังสือเก่า
WB541 ส191ก ฉ.3 
  Barcode: 22923
ห้องสมุดวิทยาเขตนครสวรรค์
►ส่วนจัดเก็บหนังสือเก่า นว.
บนชั้น
  ขอยืม
4. วิทยาศาสตร์การแพทย์ และสุขภาพ
วิทยาศาสตร์การแพทย์ และสุขภาพ
สถานะ=หนังสือเก่า
WB541 ส191ก ฉ.4 
  Barcode: 22924
ห้องสมุดวิทยาเขตนครสวรรค์
►ส่วนจัดเก็บหนังสือเก่า นว.
บนชั้น
  ขอยืม
5. วิทยาศาสตร์การแพทย์ และสุขภาพ
วิทยาศาสตร์การแพทย์ และสุขภาพ
สถานะ=หนังสือเก่า
WB541 ส191ก ฉ.5 
  Barcode: 22925
ห้องสมุดวิทยาเขตนครสวรรค์
►ส่วนจัดเก็บหนังสือเก่า นว.
บนชั้น
  ขอยืม

รายการใกล้เคียง
    ผู้แต่ง [สนธยา สีละมาด]

    หัวเรื่อง [การออกกำลังกาย]

BibComment


ยังไม่เคยถูกคอมเมนท์

คอมเมนท์ทรัพยากรรายการนี้
  คอมเมนท์: กิจกรรมทางกายเพื..


 Copyright 2026. Bcnsprnw @Library